000 00453nmm a2200157Ia 4500
008 251105s9999||||xx |||||||||||||||||und||
020 _a9789871007813
041 _aspa
100 _aMuñoz, Héctor
245 0 _aQuiero ser feliz!
264 _a[Buenos Aires, Argentina] :
_bEditorial Sb,
_c2009
300 _a103 páginas
650 _aSelf-help and personal development
856 _uhttps://public.digitaliapublishing.com/a/133820
942 _cCF
999 _c97169
_d97169